<?xml version="1.0" encoding="UTF-8"?>
<record
    xmlns:xsi="http://www.w3.org/2001/XMLSchema-instance"
    xsi:schemaLocation="http://www.loc.gov/MARC21/slim http://www.loc.gov/standards/marcxml/schema/MARC21slim.xsd"
    xmlns="http://www.loc.gov/MARC21/slim">

  <leader>06231nam a22009497a 4500</leader>
  <controlfield tag="003">AR-RoUNA</controlfield>
  <controlfield tag="005">20260611111158.0</controlfield>
  <controlfield tag="008">260605b        |||||||| |||| 00| 0 spa d</controlfield>
  <datafield tag="040" ind1=" " ind2=" ">
    <subfield code="a">AR-RoUNA</subfield>
    <subfield code="b">spa</subfield>
    <subfield code="d">AR-RoUNA</subfield>
  </datafield>
  <datafield tag="041" ind1=" " ind2=" ">
    <subfield code="a">spa</subfield>
  </datafield>
  <datafield tag="044" ind1=" " ind2=" ">
    <subfield code="a">ag</subfield>
  </datafield>
  <datafield tag="100" ind1=" " ind2=" ">
    <subfield code="9">6317</subfield>
    <subfield code="a">Ezquiaga Dominguez, Jose Maria</subfield>
  </datafield>
  <datafield tag="245" ind1="1" ind2="0">
    <subfield code="a">Proyecto de Ley de Medidas de Politica Territorial, suelo y urbanismo de la comuidad de Madrid</subfield>
    <subfield code="c"> / Textos de Jos&#xE9; Mar&#xED;a Ezquiaga, Carmen Casanova y Javier Echenagusia, con la colaboraci&#xF3;n de Seraf&#xED;n Sardina y Yoanna Calachi.</subfield>
  </datafield>
  <datafield tag="260" ind1=" " ind2=" ">
    <subfield code="a">Madrid:</subfield>
    <subfield code="b">Direcci&#xF3;n General de planificaci&#xF3;n Urban&#xED;stica y Concertaci&#xF3;n. Conserjer&#xED;a de Pol&#xED;tica Territorial,</subfield>
    <subfield code="c">1994.</subfield>
  </datafield>
  <datafield tag="300" ind1=" " ind2=" ">
    <subfield code="a">63.:</subfield>
    <subfield code="b">Diagrs.</subfield>
    <subfield code="c">30x24 cm.</subfield>
  </datafield>
  <datafield tag="505" ind1="0" ind2=" ">
    <subfield code="t">INDICE</subfield>
  </datafield>
  <datafield tag="505" ind1="0" ind2=" ">
    <subfield code="a">Actualidad de la Ley de Medidas. p. 4    </subfield>
  </datafield>
  <datafield tag="505" ind1="0" ind2=" ">
    <subfield code="a">Una Pol&#xED;tica Territorial para los noventa. p. 5   </subfield>
  </datafield>
  <datafield tag="505" ind1="0" ind2=" ">
    <subfield code="a"> La concertaci&#xF3;n interadministrativa y el consenso social. p. 7    </subfield>
  </datafield>
  <datafield tag="505" ind1="0" ind2=" ">
    <subfield code="a">Nuevos instrumentos de Pol&#xED;tica Territorial. p. 9</subfield>
  </datafield>
  <datafield tag="505" ind1="0" ind2=" ">
    <subfield code="a">Las actuaciones de Inter&#xE9;s Regional. p. 12   </subfield>
  </datafield>
  <datafield tag="505" ind1="0" ind2=" ">
    <subfield code="a">  El Planeamiento Urban&#xED;stico. p. 16  </subfield>
  </datafield>
  <datafield tag="505" ind1="0" ind2=" ">
    <subfield code="a">R&#xE9;gimen jur&#xED;dico del Suelo no Urbanizable. p. 18  </subfield>
  </datafield>
  <datafield tag="505" ind1="0" ind2=" ">
    <subfield code="a">Intervenci&#xF3;n p&#xFA;blica en el mercado de suelo. p. 24  </subfield>
  </datafield>
  <datafield tag="505" ind1="0" ind2=" ">
    <subfield code="a">La agilizaci&#xF3;n de la gesti&#xF3;n urban&#xED;stica. p. 28 </subfield>
  </datafield>
  <datafield tag="505" ind1="0" ind2=" ">
    <subfield code="a">  Medidas para el incremento de la eficacia administrativa. p. 34</subfield>
  </datafield>
  <datafield tag="505" ind1="0" ind2=" ">
    <subfield code="t">ARTICULADO DEL PROYECTO DE LEY</subfield>
  </datafield>
  <datafield tag="505" ind1="0" ind2=" ">
    <subfield code="a">Exposici&#xF3;n de motivos. p. 36  </subfield>
  </datafield>
  <datafield tag="505" ind1="0" ind2=" ">
    <subfield code="t">T&#xED;tulo I. Disposiciones Generales. p. 40  </subfield>
  </datafield>
  <datafield tag="505" ind1="0" ind2=" ">
    <subfield code="t"> T&#xED;tulo II. Concertaci&#xF3;n en la gesti&#xF3;n de los intereses p&#xFA;blicos con relevancia territorial. p. 41   </subfield>
  </datafield>
  <datafield tag="505" ind1="0" ind2=" ">
    <subfield code="a">Capitulo 1. Concertaci&#xF3;n interadministrativa. p. 41  </subfield>
  </datafield>
  <datafield tag="505" ind1="0" ind2=" ">
    <subfield code="a">Cap&#xED;tulo  2. Concertaci&#xF3;n social. p. 41   </subfield>
  </datafield>
  <datafield tag="505" ind1="0" ind2=" ">
    <subfield code="t">T&#xED;tulo III. Ordenaci&#xF3;n del Territorio y Planes que la definen. p. 41</subfield>
  </datafield>
  <datafield tag="505" ind1="0" ind2=" ">
    <subfield code="t">T&#xED;tulo IV. Actuaciones de Inter&#xE9;s Regional. p. 43   </subfield>
  </datafield>
  <datafield tag="505" ind1="0" ind2=" ">
    <subfield code="a">Cap&#xED;tulo  1. Disposiciones generales,o 43   </subfield>
  </datafield>
  <datafield tag="505" ind1="0" ind2=" ">
    <subfield code="a">Cap&#xED;tulo  2. Zonas de Inter&#xE9;s Regional. p. 43</subfield>
  </datafield>
  <datafield tag="505" ind1="0" ind2=" ">
    <subfield code="a">Secci&#xF3;n 1. Disposiciones generales. p. 43   </subfield>
  </datafield>
  <datafield tag="505" ind1="0" ind2=" ">
    <subfield code="a"> Secci&#xF3;n 2. Zonas de Inter&#xE9;s Regional de Actuaci&#xF3;n Inmediata. p. 44 </subfield>
  </datafield>
  <datafield tag="505" ind1="0" ind2=" ">
    <subfield code="a">Secci&#xF3;n 3. Zonas de Inter&#xE9;s Regional de Actuaci&#xF3;n diferida. p.45</subfield>
  </datafield>
  <datafield tag="505" ind1="0" ind2=" ">
    <subfield code="a">Cap&#xED;tulo  3. Proyectos de Alcance Regional. p. 45</subfield>
  </datafield>
  <datafield tag="505" ind1="0" ind2=" ">
    <subfield code="t">T&#xED;tulo V. Planeamiento Urban&#xED;stico. p. 47</subfield>
  </datafield>
  <datafield tag="505" ind1="0" ind2=" ">
    <subfield code="a">Cap&#xED;tulo  1. Aprovechamiento Tipo. p. 47   </subfield>
  </datafield>
  <datafield tag="505" ind1="0" ind2=" ">
    <subfield code="a">Cap&#xED;tulo  2. Revisi&#xF3;n y modificaci&#xF3;n de los planes Territoriales y Urban&#xED;sticos. p. 47  </subfield>
  </datafield>
  <datafield tag="505" ind1="0" ind2=" ">
    <subfield code="a">Cap&#xED;tulo  3. Agilizaci&#xF3;n del planeamiento y del control del cumplimiento de la ordenaci&#xF3;n urban&#xED;stica. p. 48</subfield>
  </datafield>
  <datafield tag="505" ind1="0" ind2=" ">
    <subfield code="t">T&#xED;tulo VI. R&#xE9;gimen urban&#xED;stico del Suelo No Urbanizable y Urbanizable No programado. p. 49</subfield>
  </datafield>
  <datafield tag="505" ind1="0" ind2=" ">
    <subfield code="a">Cap&#xED;tulo 1. Disposiciones Generales. p. 49   </subfield>
  </datafield>
  <datafield tag="505" ind1="0" ind2=" ">
    <subfield code="a">Cap&#xED;tulo 2. R&#xE9;gimen de autorizaci&#xF3;n y ejecuci&#xF3;n de obras, construcciones e instalaciones. p. 50</subfield>
  </datafield>
  <datafield tag="505" ind1="0" ind2=" ">
    <subfield code="a">Secci&#xF3;n 1. Obras, construcciones e instalaciones con cualquiera de los objetos previstos en las letras a y b del art. 53. p. 51</subfield>
  </datafield>
  <datafield tag="505" ind1="0" ind2=" ">
    <subfield code="a">Secci&#xF3;n 2. Obras, construcciones e instalaciones con cualquiera de los objetos previstos en las letras c y f del n&#xFA;mero 1 del  art. 53. p. 51</subfield>
  </datafield>
  <datafield tag="505" ind1="0" ind2=" ">
    <subfield code="a">Secci&#xF3;n 3. Obras, construcciones e instalaciones previstas en la letra d del art&#xED;culo 53. p. 52</subfield>
  </datafield>
  <datafield tag="505" ind1="0" ind2=" ">
    <subfield code="a">Secci&#xF3;n 4. Obras, construcciones e instalaciones previstas en la letra e del art&#xED;culo 53. p. 52</subfield>
  </datafield>
  <datafield tag="505" ind1="0" ind2=" ">
    <subfield code="t">T&#xED;tulo VII. Gesti&#xF3;n Urban&#xED;stica</subfield>
  </datafield>
  <datafield tag="505" ind1="0" ind2=" ">
    <subfield code="a">Cap&#xED;tulo 1. Disposiciones generales. p. 53  </subfield>
  </datafield>
  <datafield tag="505" ind1="0" ind2=" ">
    <subfield code="a"> Cap&#xED;tulo 2. Convenios Urban&#xED;sticas. p. 54</subfield>
  </datafield>
  <datafield tag="505" ind1="0" ind2=" ">
    <subfield code="a">  Cap&#xED;tulo 3. Los Consorcios y las Sociedades Urbanan&#xED;sticas. p. 54   </subfield>
  </datafield>
  <datafield tag="505" ind1="0" ind2=" ">
    <subfield code="a">Cap&#xED;tulo 4. Ejecuci&#xF3;n del planeamiento urban&#xED;stico. p. 55</subfield>
  </datafield>
  <datafield tag="505" ind1="0" ind2=" ">
    <subfield code="a">Secci&#xF3;n 1. Disposiciones generales. p. 55  </subfield>
  </datafield>
  <datafield tag="505" ind1="0" ind2=" ">
    <subfield code="a">Secci&#xF3;n 2. Sistema de Expropiaci&#xF3;n. p. 56</subfield>
  </datafield>
  <datafield tag="505" ind1="0" ind2=" ">
    <subfield code="a">  Secci&#xF3;n 3. Sistema de Ejecuci&#xF3;n Forzada. p. 57   </subfield>
  </datafield>
  <datafield tag="505" ind1="0" ind2=" ">
    <subfield code="a">Cap&#xED;tulo 5. Programas de Rehabilitaci&#xF3;n Concertada de &#xE1;reas urbanas. p. 58</subfield>
  </datafield>
  <datafield tag="505" ind1="0" ind2=" ">
    <subfield code="t">T&#xED;tulo VIII. Expropiaci&#xF3;n Forzosa. p. 59  </subfield>
  </datafield>
  <datafield tag="505" ind1="0" ind2=" ">
    <subfield code="a">   Cap&#xED;tulo 1. Expropiaci&#xF3;n forzosa por raz&#xF3;n de urbanismo. p. 59    </subfield>
  </datafield>
  <datafield tag="505" ind1="0" ind2=" ">
    <subfield code="a">Cap&#xED;tulo 2.Jurado Territorial de expropiaci&#xF3;n Forzosa. p. 59</subfield>
  </datafield>
  <datafield tag="505" ind1="0" ind2=" ">
    <subfield code="t">T&#xED;tulo IX. Intervenci&#xF3;n Publica en el mercado inmobiliario y en la vivienda. p. 60  </subfield>
  </datafield>
  <datafield tag="505" ind1="0" ind2=" ">
    <subfield code="a"> Cap&#xED;tulo 1. Derechos de tanteo y retracto sobre suelo y edificaciones. p. 60  </subfield>
  </datafield>
  <datafield tag="505" ind1="0" ind2=" ">
    <subfield code="a">  Cap&#xED;tulo 2. Suelo para viviendas sujetas a alg&#xFA;n r&#xE9;gimen de protecci&#xF3;n p&#xFA;blica. p. 61</subfield>
  </datafield>
  <datafield tag="505" ind1="0" ind2=" ">
    <subfield code="a">Cap&#xED;tulo 3. Los patrimonios p&#xFA;blicos de suelo. p.61</subfield>
  </datafield>
  <datafield tag="505" ind1="0" ind2=" ">
    <subfield code="t">T&#xED;tulo X. Medida para el incremento de la eficacia de la actividad urban&#xED;stica. p. 62</subfield>
  </datafield>
  <datafield tag="505" ind1="0" ind2=" ">
    <subfield code="a">Disposiciones adicionales p. 62  </subfield>
  </datafield>
  <datafield tag="505" ind1="0" ind2=" ">
    <subfield code="a"> Disposiciones transitoria. p. 63 </subfield>
  </datafield>
  <datafield tag="505" ind1="0" ind2=" ">
    <subfield code="a">  Disposiciones finales. p. 63</subfield>
  </datafield>
  <datafield tag="520" ind1="3" ind2=" ">
    <subfield code="a">El libro trata del crecimiento en Madrid gener&#xF3; oportunidades econ&#xF3;micas, pero tambi&#xE9;n desequilibrios territoriales y urbanos. La nueva ley intenta corregir esos problemas mediante una planificaci&#xF3;n m&#xE1;s coordinada, flexible y eficiente del territorio.
El documento se&#xF1;ala que durante los a&#xF1;os 80 Madrid experiment&#xF3; un fuerte crecimiento econ&#xF3;mico y urbano, consolid&#xE1;ndose como uno de los principales centros financieros y de servicios de Espa&#xF1;a. Sin embargo, este crecimiento tambi&#xE9;n gener&#xF3; problemas importantes:
-Aumento del precio del suelo y la vivienda.
-Expansi&#xF3;n urbana desordenada.
-Mayor dependencia del autom&#xF3;vil.
-Congesti&#xF3;n del tr&#xE1;nsito, contaminaci&#xF3;n y ruido.
-Desequilibrios entre distintas zonas de la regi&#xF3;n.
-Aparici&#xF3;n de &#xE1;reas con deterioro urbano y social.</subfield>
  </datafield>
  <datafield tag="650" ind1=" " ind2="4">
    <subfield code="a">Urbanismo</subfield>
  </datafield>
  <datafield tag="700" ind1="1" ind2=" ">
    <subfield code="a">Casanova, Carmen</subfield>
    <subfield code="9">27766</subfield>
  </datafield>
  <datafield tag="700" ind1="1" ind2=" ">
    <subfield code="a">Echenagusia, Javier</subfield>
    <subfield code="9">27767</subfield>
  </datafield>
  <datafield tag="700" ind1="1" ind2=" ">
    <subfield code="a">Sardina, Seraf&#xED;n</subfield>
    <subfield code="e">clb</subfield>
    <subfield code="9">27768</subfield>
  </datafield>
  <datafield tag="700" ind1="1" ind2=" ">
    <subfield code="a">Calachi, Yoanna</subfield>
    <subfield code="e">clb</subfield>
    <subfield code="9">27769</subfield>
  </datafield>
  <datafield tag="908" ind1=" " ind2=" ">
    <subfield code="a">Imp</subfield>
  </datafield>
  <datafield tag="942" ind1=" " ind2=" ">
    <subfield code="2">udc</subfield>
    <subfield code="c">LIB</subfield>
  </datafield>
  <datafield tag="945" ind1=" " ind2=" ">
    <subfield code="d">2026-06-05</subfield>
  </datafield>
  <datafield tag="980" ind1=" " ind2=" ">
    <subfield code="6">5</subfield>
    <subfield code="a">Mar&#xED;a Machado</subfield>
    <subfield code="8">138</subfield>
    <subfield code="g">Carolina Rainero</subfield>
  </datafield>
  <datafield tag="999" ind1=" " ind2=" ">
    <subfield code="c">12457</subfield>
    <subfield code="d">12457</subfield>
  </datafield>
  <datafield tag="952" ind1=" " ind2=" ">
    <subfield code="0">0</subfield>
    <subfield code="1">0</subfield>
    <subfield code="2">udc</subfield>
    <subfield code="4">0</subfield>
    <subfield code="7">0</subfield>
    <subfield code="a">CURDIUR</subfield>
    <subfield code="b">CURDIUR</subfield>
    <subfield code="d">2026-06-05</subfield>
    <subfield code="l">0</subfield>
    <subfield code="p">LCUR-0380</subfield>
    <subfield code="t">ej. 1</subfield>
    <subfield code="y">LIB</subfield>
    <subfield code="x"></subfield>
  </datafield>
</record>
